000 00411nam a22001577a 4500
999 _c3011
_d3011
008 200319b ||||| |||| 00| 0 eng d
082 0 0 _a546
_bP2737
100 _92601
_aPartington, J. R.
245 1 0 _a(A)Textbook of inorganic chemistry
_cby J. R. Partington
250 _a6th ed.
260 _aLondon
_bMacMillan
_c1953
300 _ax,996 p.
365 _d17.03
650 0 _aInorganic Chemistry
942 _cBK